Statistics for WWE Royal Rumble winners

Click here to take the quiz!

General Stats

  • This quiz has been taken 105 times
    (56 since last reset)
  • The average score is 29 of 34

Answer Stats

Hint Answer % Correct
2002Triple H
96%
1990Hulk Hogan
96%
1997Steve Austin
96%
2000The Rock
96%
2009Randy Orton
91%
2005Batista
89%
2008John Cena
89%
1995Shawn Michaels
89%
2007Undertaker
89%
2019 men'sSeth Rollins
87%
2019 women'sBecky Lynch
87%
2015Roman Reigns
85%
1992Ric Flair
85%
2006Rey Mysterio
83%
1994Bret Hart & Lex Luger
83%
2010Edge
83%
2018 women'sAsuka
83%
2003Brock Lesnar
79%
2018 men'sShinsuke Nakamura
79%
1988Hacksaw Jim Duggan
79%
1999Vince McMahon
77%
2004Chris Benoit
74%
2012Sheamus
74%
1989Big John Studd
72%
2011Alberto Del Rio
72%
1993Yokozuna
70%

Score Distribution

Percentile by Number Answered

Percent of People with Each Score

Your Score History

You have not taken this quiz since the last reset